<?xml version="1.0" encoding="UTF-8"?><?xml-stylesheet type="text/xsl" href="static/style.xsl"?><OAI-PMH xmlns="http://www.openarchives.org/OAI/2.0/" xmlns:xsi="http://www.w3.org/2001/XMLSchema-instance" xsi:schemaLocation="http://www.openarchives.org/OAI/2.0/ http://www.openarchives.org/OAI/2.0/OAI-PMH.xsd"><responseDate>2026-04-13T01:34:04Z</responseDate><request verb="GetRecord" identifier="oai:www.recercat.cat:10256/26228" metadataPrefix="marc">https://recercat.cat/oai/request</request><GetRecord><record><header><identifier>oai:recercat.cat:10256/26228</identifier><datestamp>2025-02-03T09:30:43Z</datestamp><setSpec>com_2072_452966</setSpec><setSpec>com_2072_2054</setSpec><setSpec>col_2072_452968</setSpec></header><metadata><record xmlns="http://www.loc.gov/MARC21/slim" xmlns:dcterms="http://purl.org/dc/terms/" xmlns:xsi="http://www.w3.org/2001/XMLSchema-instance" xmlns:doc="http://www.lyncode.com/xoai" xsi:schemaLocation="http://www.loc.gov/MARC21/slim http://www.loc.gov/standards/marcxml/schema/MARC21slim.xsd">
   <leader>00925njm 22002777a 4500</leader>
   <datafield ind2=" " ind1=" " tag="042">
      <subfield code="a">dc</subfield>
   </datafield>
   <datafield ind2=" " ind1=" " tag="720">
      <subfield code="a">Mayolas Gómez, Enric</subfield>
      <subfield code="e">author</subfield>
   </datafield>
   <datafield ind2=" " ind1=" " tag="260">
      <subfield code="c">2024-06</subfield>
   </datafield>
   <datafield ind2=" " ind1=" " tag="520">
      <subfield code="a">The synthesis of oxalamides via acceptorless dehydrogenative coupling between  &#xd;
&#xd;
ethylene glycol and amines is a novel and improved method to obtain these versatile and  &#xd;
&#xd;
valuable compounds. The conventional methods used so far have low atomic economy  &#xd;
&#xd;
and generate waste or utilize toxic agents.  &#xd;
&#xd;
The aim of this final degree thesis is to computationally study the results described by  &#xd;
&#xd;
Milstein and collaborators with different amine substituents that, using a ruthenium  &#xd;
&#xd;
catalyst and tBuOK as base, react with ethylene glycol to form oxalamides in an  &#xd;
&#xd;
environmentally friendly manner. Additionally, it is a reaction where the hydrogenation of  &#xd;
&#xd;
the product with the same catalyst completes the retrieval of the initial amines and  &#xd;
&#xd;
ethylene glycol with high yield.  &#xd;
&#xd;
In this project, 26 species of amines were studied to determine which would be the most  &#xd;
&#xd;
viable for synthesis considering their geometric optimizations and those of the respective  &#xd;
&#xd;
amides. To carry out these computational calculations, the BP86 functional was used  &#xd;
&#xd;
with Def2-SVP bases for both the amines and the amides, with the temperature set at  &#xd;
&#xd;
135 ºC. Subsequently, a single-point energy calculation was performed in the presence  &#xd;
&#xd;
of the solvent toluene using the B3LYP functional and the Def2-TZVP basis set for the  &#xd;
&#xd;
atoms.  &#xd;
&#xd;
From the energies that we obtained, the Gibbs activation energy for each species of  &#xd;
&#xd;
amine and amide was calculated. Based on these results, the effects of each substituent  &#xd;
&#xd;
modification on this reaction were justified.  &#xd;
&#xd;
Additionally, complementary tests were conducted on the gas phases of the initial and  &#xd;
&#xd;
final species to obtain more information, specifically the energy of the HOMO and LUMO  &#xd;
&#xd;
orbitals and the nitrogen charge. Steric maps were also created to determine the degree  &#xd;
&#xd;
of occupation of the amine substituents that will affect the ruthenium catalyst in carrying  &#xd;
&#xd;
out the reaction.  &#xd;
&#xd;
The conclusion has been reached that the neither the thermodynamics, nor the kinetics  &#xd;
&#xd;
or any of the parameters studied, at the structural and/or electronic level allow finding  &#xd;
&#xd;
any correlation with the experimental yields</subfield>
   </datafield>
   <datafield ind2=" " ind1=" " tag="520">
      <subfield code="a">7</subfield>
   </datafield>
   <datafield ind1="8" ind2=" " tag="024">
      <subfield code="a">http://hdl.handle.net/10256/26228</subfield>
   </datafield>
   <datafield tag="653" ind2=" " ind1=" ">
      <subfield code="a">Amines -- Síntesi</subfield>
   </datafield>
   <datafield tag="653" ind2=" " ind1=" ">
      <subfield code="a">Hidrogenació</subfield>
   </datafield>
   <datafield tag="653" ind2=" " ind1=" ">
      <subfield code="a">Catalitzadors de ruteni</subfield>
   </datafield>
   <datafield tag="653" ind2=" " ind1=" ">
      <subfield code="a">Hidrogen</subfield>
   </datafield>
   <datafield tag="653" ind2=" " ind1=" ">
      <subfield code="a">Amines -- Synthesis</subfield>
   </datafield>
   <datafield tag="653" ind2=" " ind1=" ">
      <subfield code="a">Hydrogenation</subfield>
   </datafield>
   <datafield tag="653" ind2=" " ind1=" ">
      <subfield code="a">Ruthenium catalysts</subfield>
   </datafield>
   <datafield tag="653" ind2=" " ind1=" ">
      <subfield code="a">Hydrogen</subfield>
   </datafield>
   <datafield ind2="0" ind1="0" tag="245">
      <subfield code="a">Anàlisi predictiva de catalitzadors per generar hidrogen molecular</subfield>
   </datafield>
</record></metadata></record></GetRecord></OAI-PMH>